000 00412cam a22001217a 4500
008 180718b1982 xxu||||| |||| 00| 0 eng d
082 _aA81x54 In2/81/6/Pap3/1981
100 _aCensus of India 1981
245 _aHaryana: primary census abstract of scheduled castes
260 _aDelhi
_bThe Controller of Publications
_c1982
300 _a39+p.
440 _aCensus of India 1981. Series-6. Haryana. Paper 3 of 1981
999 _c482658
_d482658